[Event "POL-chT3 Kujawsko Pomorskie 1011"]
[Site "Poland"]
[Date "2011.03.27"]
[Round "9.34"]
[White "Kulczyk, Pawel"]
[Black "Bankert, Krzysztof"]
[Result "1-0"]
[WhiteElo "2088"]
[BlackElo "1983"]
[PlyCount "79"]
[EventDate "2010.11.07"]
[EventType "team-tourn"]
[EventRounds "11"]
[EventCountry "POL"]
[SourceTitle "EXT 2019"]
[Source "ChessBase"]
[SourceDate "2018.10.10"]
[SourceVersion "1"]
[SourceVersionDate "2018.10.10"]
[SourceQuality "1"]

1. d4 d5 2. c4 e6 3. Nc3 Nf6 4. Nf3 Be7 5. Bf4 c6 6. e3 0-0 7. Bd3 a6 8. Ne5 Nfd7 9. Qh5 f5 10. g4 Nxe5 11. Bxe5 g6 12. Qh6 Bf6 13. gxf5 exf5 14. Rg1 Bxe5 15. dxe5 Rf7 16. h4 Rg7 17. 0-0-0 Be6 18. e4 dxe4 19. Bxe4 Qe8 20. Bd3 Nd7 21. Qf4 Rd8 22. h5 Nc5 23. Be2 Rxd1+ 24. Kxd1 Qd8+ 25. Kc2 b5 26. hxg6 hxg6 27. Rd1 Qe8 28. Qg5 Bd7 29. f4 b4 30. Nb1 Ne4 31. Qg2 Nc5 32. Nd2 Ne6 33. Qf2 c5 34. Nb3 Ba4 35. Rd6 a5 36. Kb1 Bxb3 37. axb3 Nd4 38. Qg2 Nxe2 39. Qd5+ Kh7 40. Rd8 1-0

[Event "POL-chT3 Kujawsko Pomorskie 1011"]
[Site "Poland"]
[Date "2011.03.13"]
[Round "8.4"]
[White "Dolinski, Piotr"]
[Black "Bankert, Krzysztof"]
[Result "0-1"]
[WhiteElo "1858"]
[BlackElo "1983"]
[PlyCount "48"]
[EventDate "2010.11.07"]
[EventType "team-tourn"]
[EventRounds "11"]
[EventCountry "POL"]
[SourceTitle "EXT 2019"]
[Source "ChessBase"]
[SourceDate "2018.10.10"]
[SourceVersion "1"]
[SourceVersionDate "2018.10.10"]
[SourceQuality "1"]

1. c4 c5 2. Nc3 Nc6 3. Nf3 Nf6 4. g3 g6 5. Bg2 Bg7 6. 0-0 0-0 7. b3 d6 8. Bb2 e5 9. d3 Be6 10. Qd2 h6 11. Nh4 Qd7 12. e3 g5 13. Nf3 Bh3 14. Ne1 Bxg2 15. Kxg2 Rae8 16. Ne2 Nh5 17. f4 exf4 18. Bxg7 fxe3 19. Qc3 Nxg7 20. Rf6 Re6 21. Nc2 Nd4 22. Rxe6 fxe6 23. Ncxd4 cxd4 24. Nxd4 Rf2+ 0-1

[Event "POL-chT3 Kujawsko Pomorskie 1011"]
[Site "Poland"]
[Date "2011.01.09"]
[Round "4.16"]
[White "Komorowski, Piotr"]
[Black "Bankert, Krzysztof"]
[Result "0-1"]
[WhiteElo "1783"]
[BlackElo "1983"]
[PlyCount "84"]
[EventDate "2010.11.07"]
[EventType "team-tourn"]
[EventRounds "11"]
[EventCountry "POL"]
[SourceTitle "EXT 2019"]
[Source "ChessBase"]
[SourceDate "2018.10.10"]
[SourceVersion "1"]
[SourceVersionDate "2018.10.10"]
[SourceQuality "1"]

1. e4 c5 2. Nf3 Nc6 3. Bb5 e6 4. 0-0 a6 5. Bxc6 bxc6 6. c3 d5 7. e5 a5 8. d4 cxd4 9. Nxd4 c5 10. Nb5 Bd7 11. a4 Qb8 12. Qe2 Bxb5 13. axb5 c4 14. Na3 Bxa3 15. bxa3 Qxb5 16. Qg4 g6 17. Be3 Rb8 18. h3 Ne7 19. a4 Qd7 20. Qf4 0-0 21. g4 Nc6 22. Bc5 Rfc8 23. Bd6 Rb3 24. Qd2 d4 25. cxd4 Rd3 26. Qh6 Nxd4 27. Rfd1 Nf3+ 28. Kf1 Nxe5 29. Rxd3 Nxd3 30. Ba3 Qd4 31. Ra2 c3 32. Rc2 Nb4 33. Rc1 Qc4+ 34. Kg1 Qa2 35. Bxb4 axb4 36. Qg5 Qxa4 37. h4 b3 38. Rd1 b2 39. Rd8+ Rxd8 40. Qxd8+ Kg7 41. g5 b1Q+ 42. Kg2 Qg4+ 0-1

[Event "POL-chT3 Kujawsko Pomorskie 1011"]
[Site "Poland"]
[Date "2010.12.19"]
[Round "3.22"]
[White "Bankert, Krzysztof"]
[Black "Wodzynski, Michal"]
[Result "1-0"]
[WhiteElo "1983"]
[BlackElo "1983"]
[PlyCount "121"]
[EventDate "2010.11.07"]
[EventType "team-tourn"]
[EventRounds "11"]
[EventCountry "POL"]
[SourceTitle "EXT 2019"]
[Source "ChessBase"]
[SourceDate "2018.10.10"]
[SourceVersion "1"]
[SourceVersionDate "2018.10.10"]
[SourceQuality "1"]

1. e4 e5 2. Nf3 Nc6 3. c4 Bc5 4. d3 d6 5. Nc3 Nf6 6. Bg5 h6 7. Be3 Bb6 8. Qd2 Ng4 9. Bxb6 axb6 10. h3 Nf6 11. Be2 Be6 12. d4 exd4 13. Nxd4 Na5 14. Nxe6 fxe6 15. 0-0 e5 16. f4 Nc6 17. Nd5 0-0 18. Nxf6+ Qxf6 19. f5 Nd4 20. g4 Qh4 21. Kg2 Ra5 22. Bd1 Rfa8 23. a4 b5 24. b4 Rxa4 25. Bxa4 bxa4 26. Ra3 h5 27. Qf2 Qg5 28. Rg3 c6 29. gxh5 Qxh5 30. Kh2 a3 31. Ra1 Qh4 32. Rag1 Qf4 33. Qxf4 exf4 34. Rxg7+ Kh8 35. R1g4 Nf3+ 36. Kg2 Ne5 37. R4g5 Rf8 38. Rxb7 Nxc4 39. Ra7 Nd2 40. Rh5+ Kg8 41. Rah7 Nxe4 42. Rh8+ Kf7 43. R5h7+ Ke8 44. Rxf8+ Kxf8 45. Ra7 d5 46. Kf3 Nd6 47. Rxa3 Nxf5 48. Kxf4 Nd4 49. Ra6 Nc2 50. Rxc6 Nxb4 51. Rg6 Kf7 52. Rg1 Kf6 53. h4 Nd3+ 54. Ke3 Ne5 55. Rg2 d4+ 56. Ke4 d3 57. h5 Nf7 58. Kxd3 Ng5 59. h6 Nh7 60. Ke4 Nf8 61. Rf2+ 1-0

[Event "POL-chT4 Kujawsko Pomorskie 0910"]
[Site "Poland"]
[Date "2010.01.16"]
[Round "5"]
[White "Bankert, Krzysztof"]
[Black "Krol, Slawomir"]
[Result "0-1"]
[WhiteElo "1945"]
[BlackElo "2011"]
[PlyCount "126"]
[EventDate "2009.11.08"]
[EventType "team-swiss"]
[EventRounds "11"]
[EventCountry "POL"]
[SourceTitle "EXT 2020"]
[Source "ChessBase"]
[SourceDate "2019.10.17"]
[SourceVersion "1"]
[SourceVersionDate "2019.10.17"]
[SourceQuality "1"]

1. e4 c5 2. Nf3 d6 3. d4 cxd4 4. Nxd4 Nf6 5. Nc3 a6 6. Bg5 e6 7. Qd2 Qc7 8. 0-0-0 b5 9. a3 Nbd7 10. f3 Bb7 11. Bxb5 axb5 12. Ndxb5 Qc6 13. Nxd6+ Bxd6 14. Qxd6 Qxd6 15. Rxd6 0-0 16. Rhd1 Ne5 17. Bxf6 gxf6 18. Rb6 Ba6 19. b3 Rfc8 20. Kb2 Rc7 21. Rd2 Bf1 22. Rf2 Rac8 23. Rxf1 Rxc3 24. Rf2 R8c5 25. a4 Nc6 26. Rb5 Kf8 27. Rxc5 Rxc5 28. c3 Ne5 29. Rc2 Ke7 30. b4 Nc4+ 31. Kb3 Rc7 32. a5 Kd7 33. Ra2 Kc8 34. b5 Kb8 35. Ra4 Nd2+ 36. Kc2 Nc4 37. a6 Ka7 38. Rb4 Kb6 39. Ra4 Nd6 40. Rb4 Rc5 41. Kd3 Rxb5 42. a7 Kxa7 43. Rxb5 Nxb5 44. c4 Nc7 45. e5 fxe5 46. Ke4 f6 47. g4 Kb6 48. g5 fxg5 49. Kxe5 Kc5 50. h3 Kxc4 51. Kf6 Kd4 52. Kxg5 Ke3 53. f4 Nd5 54. f5 e5 55. h4 e4 56. h5 Kf3 57. f6 Nxf6 58. Kxf6 e3 59. h6 e2 60. Kg7 e1Q 61. Kxh7 Qe7+ 62. Kh8 Qf6+ 63. Kh7 Kf4 0-1

[Event "Chojnice op-B 3rd"]
[Site "Chojnice"]
[Date "2007.07.18"]
[Round "7.3"]
[White "Szmidt, Przemyslaw"]
[Black "Bankert, Krzysztof"]
[Result "0-1"]
[WhiteElo "1934"]
[BlackElo "1947"]
[PlyCount "90"]
[EventDate "2007.07.13"]
[EventType "swiss"]
[EventRounds "9"]
[EventCountry "POL"]
[SourceTitle "EXT 2023"]
[Source "ChessBase"]
[SourceDate "2022.10.05"]
[SourceVersion "1"]
[SourceVersionDate "2022.10.05"]
[SourceQuality "1"]

1. e4 c5 2. Nf3 Nc6 3. Bb5 d6 4. 0-0 Bg4 5. h3 Bxf3 6. Bxc6+ bxc6 7. Qxf3 e5 8. c3 Nf6 9. Na3 d5 10. d3 c4 11. exd5 Bxa3 12. bxa3 cxd3 13. Qxd3 Qxd5 14. Qf5 e4 15. Qxd5 cxd5 16. Bg5 0-0 17. Rfd1 Rfd8 18. Rd4 Rac8 19. Rb1 h6 20. Bxf6 gxf6 21. Rb3 Rc5 22. Rb7 Rxc3 23. Rxa7 Rc1+ 24. Kh2 Rc2 25. Kg3 Rxa2 26. Ra5 Kh7 27. Raxd5 Rg8+ 28. Kf4 Rxg2 29. Kxe4 Rgxf2 30. a4 Ra3 31. Rf5 Re2+ 32. Kd5 Kg6 33. Rdf4 Re6 34. h4 h5 35. Kc5 Re5+ 36. Rxe5 fxe5 37. Rb4 Kf5 38. Rb7 f6 39. Kb5 Rb3+ 40. Ka6 Rxb7 41. Kxb7 e4 42. a5 e3 43. a6 e2 44. a7 e1Q 45. a8Q Qh1+ 0-1

[Event "Chojnice op-B 3rd"]
[Site "Chojnice"]
[Date "2007.07.17"]
[Round "6.3"]
[White "Bankert, Krzysztof"]
[Black "Zaskalski, Dawid"]
[Result "1/2-1/2"]
[WhiteElo "1947"]
[BlackElo "1784"]
[PlyCount "88"]
[EventDate "2007.07.13"]
[EventType "swiss"]
[EventRounds "9"]
[EventCountry "POL"]
[SourceTitle "EXT 2023"]
[Source "ChessBase"]
[SourceDate "2022.10.05"]
[SourceVersion "1"]
[SourceVersionDate "2022.10.05"]
[SourceQuality "1"]

1. e4 e5 2. Nf3 Nc6 3. d4 exd4 4. c3 d3 5. Bxd3 d6 6. 0-0 Nf6 7. Re1 Bg4 8. e5 Nxe5 9. Nxe5 dxe5 10. Rxe5+ Be7 11. f3 Be6 12. Qf1 Bd6 13. Re1 0-0 14. Nd2 Nh5 15. Ne4 Nf4 16. Bxf4 Bxf4 17. g3 Bd6 18. f4 Bf5 19. Nxd6 Qxd6 20. Bxf5 Qc5+ 21. Qf2 Qxf5 22. Re5 Qf6 23. Rae1 b6 24. Qf3 Rad8 25. Re7 Qd6 26. Qe3 Rd7 27. Qe4 Rxe7 28. Qxe7 Qxe7 29. Rxe7 Rc8 30. Kf2 Kf8 31. Rd7 Ke8 32. Rd5 Rd8 33. Rxd8+ Kxd8 34. Ke3 Ke7 35. Ke4 Ke6 36. g4 c6 37. h4 h6 38. a4 a6 39. b3 g6 40. b4 f5+ 41. gxf5+ gxf5+ 42. Kd4 Kd6 43. c4 c5+ 44. bxc5+ bxc5+ 1/2-1/2

[Event "Chojnice op-B 3rd"]
[Site "Chojnice"]
[Date "2007.07.17"]
[Round "5.2"]
[White "Wodzynski, Michal"]
[Black "Bankert, Krzysztof"]
[Result "1/2-1/2"]
[WhiteElo "1973"]
[BlackElo "1947"]
[PlyCount "52"]
[EventDate "2007.07.13"]
[EventType "swiss"]
[EventRounds "9"]
[EventCountry "POL"]
[SourceTitle "EXT 2023"]
[Source "ChessBase"]
[SourceDate "2022.10.05"]
[SourceVersion "1"]
[SourceVersionDate "2022.10.05"]
[SourceQuality "1"]

1. e4 c5 2. Nf3 Nc6 3. d4 cxd4 4. Nxd4 Nf6 5. Nc3 d6 6. Be3 e5 7. Nb3 Be6 8. Bd3 Be7 9. 0-0 Ng4 10. Nd5 Rc8 11. c4 Bg5 12. Bxg5 Qxg5 13. Qd2 Qh4 14. h3 h5 15. Qe1 Qg5 16. Qd2 Qh4 17. Qe1 Qg5 18. Qd2 Qxd2 19. Nxd2 Nh6 20. Be2 g6 21. a3 Bxd5 22. cxd5 Nd4 23. Bd3 g5 24. Nc4 Kd7 25. Rab1 Rc7 26. Rfc1 Rhc8 1/2-1/2

[Event "Chojnice op-B 3rd"]
[Site "Chojnice"]
[Date "2007.07.14"]
[Round "2.3"]
[White "Bankert, Krzysztof"]
[Black "Czapiewski, Waldemar"]
[Result "1-0"]
[WhiteElo "1947"]
[BlackElo "1815"]
[PlyCount "80"]
[EventDate "2007.07.13"]
[EventType "swiss"]
[EventRounds "9"]
[EventCountry "POL"]
[SourceTitle "EXT 2023"]
[Source "ChessBase"]
[SourceDate "2022.10.05"]
[SourceVersion "1"]
[SourceVersionDate "2022.10.05"]
[SourceQuality "1"]

1. e4 c5 2. f4 d6 3. Nf3 Nc6 4. c3 e5 5. d4 exd4 6. cxd4 Bg4 7. d5 Nd4 8. Be2 Nxe2 9. Qxe2 Nf6 10. 0-0 Be7 11. h3 Bd7 12. e5 dxe5 13. Qxe5 Qb8 14. Re1 Qxe5 15. Rxe5 Kd8 16. Nc3 h6 17. Re2 Ne8 18. Ne5 Rf8 19. Ne4 Rc8 20. Be3 b6 21. Rd1 Bb5 22. Red2 Nd6 23. Nc6+ Kd7 24. Nxd6 Bxd6 25. Nxa7 Rfe8 26. Kf2 Ba6 27. Nxc8 Kxc8 28. g3 Kd7 29. Kf3 b5 30. Rc1 c4 31. Bd4 f6 32. a3 Bb7 33. Bf2 g5 34. h4 gxh4 35. gxh4 f5 36. Rg1 Re4 37. Rg7+ Kc8 38. Be3 b4 39. axb4 Bxb4 40. Rd4 Rxe3+ 1-0

[Event "POL-chT Region 0607"]
[Site "Poland"]
[Date "2007.03.18"]
[Round "10"]
[White "Gill, Jacek"]
[Black "Bankert, Krzysztof"]
[Result "1/2-1/2"]
[WhiteElo "1800"]
[BlackElo "1956"]
[PlyCount "68"]
[EventDate "2006.11.12"]
[EventType "team"]
[EventRounds "11"]
[EventCountry "POL"]
[SourceTitle "EXT 2008"]
[Source "ChessBase"]
[SourceDate "2007.11.25"]
[SourceVersion "1"]
[SourceVersionDate "2007.11.25"]
[SourceQuality "1"]

1. e4 c5 2. Nf3 Nc6 3. d4 cxd4 4. Nxd4 Nf6 5. Nc3 e6 6. Nxc6 bxc6 7. Bd3 Bb4 8. Bd2 d5 9. exd5 cxd5 10. Qe2 0-0 11. 0-0 Re8 12. f4 d4 13. Ne4 Bxd2 14. Nxf6+ Qxf6 15. Qxd2 Rb8 16. b3 Bb7 17. Rae1 Qh6 18. Qf2 Qf6 19. Re5 Rbd8 20. Rfe1 Rd5 21. Rxd5 Bxd5 22. Re5 Rd8 23. g3 Ba8 24. Qe2 Rd5 25. Rxd5 Bxd5 26. Be4 Bxe4 27. Qxe4 Qd8 28. Kf1 g6 29. Ke2 Qc7 30. Qd3 Qc6 31. Qxd4 Qxc2+ 32. Qd2 Qe4+ 33. Qe3 Qg2+ 34. Qf2 Qe4+ 1/2-1/2

[Event "POL-chT Region 0607"]
[Site "Poland"]
[Date "2007.02.18"]
[Round "8"]
[White "Bankert, Krzysztof"]
[Black "Konieczynski, Piotr"]
[Result "1/2-1/2"]
[WhiteElo "1956"]
[BlackElo "1928"]
[PlyCount "123"]
[EventDate "2006.11.12"]
[EventType "team"]
[EventRounds "11"]
[EventCountry "POL"]
[SourceTitle "EXT 2008"]
[Source "ChessBase"]
[SourceDate "2007.11.25"]
[SourceVersion "1"]
[SourceVersionDate "2007.11.25"]
[SourceQuality "1"]

1. e4 c6 2. d4 d5 3. e5 Bf5 4. g4 Bd7 5. f4 e6 6. Nf3 c5 7. c3 Nc6 8. a3 h5 9. g5 g6 10. Bd3 Qb6 11. Bc2 cxd4 12. cxd4 Nge7 13. Nc3 Qa5 14. Be3 Nf5 15. Bf2 Be7 16. 0-0 Ng7 17. h4 0-0 18. Ne2 Rac8 19. Kh1 Rc7 20. b4 Qb6 21. Nc3 Nxb4 22. Na4 Bxa4 23. Bxa4 Nc6 24. Rb1 Qa6 25. Bb5 Qxa3 26. Be1 Bd8 27. Bxc6 bxc6 28. Bb4 Qe3 29. Bxf8 Kxf8 30. Rb8 Ke8 31. Qc1 Qe4 32. Qd2 Nf5 33. Kh2 Ne3 34. Rf2 Ng4+ 35. Kg3 Nxf2 36. Kxf2 Kd7 37. Kg3 Be7 38. Qc3 Qf5 39. Qb3 Qg4+ 40. Kf2 Qxf4 41. Ra8 Bc5 42. dxc5 Qc1 43. Qb8 Qxc5+ 44. Kg3 Qe7 45. Rxa7 Rxa7 46. Qxa7+ Kd8 47. Qb8+ Kd7 48. Qb7+ Kd8 49. Qxc6 Qa7 50. Qc3 Ke8 51. Qc8+ Ke7 52. Qh8 Qe3 53. Qf6+ Ke8 54. Qf4 Qb6 55. Qd4 Qa5 56. Qd2 Qc7 57. Kf4 Qc4+ 58. Qd4 Qc1+ 59. Kg3 Qa3 60. Qb6 Qc3 61. Qd4 Qa3 62. Qb6 1/2-1/2

[Event "POL-chT Region 0607"]
[Site "Poland"]
[Date "2007.02.04"]
[Round "7"]
[White "Bieganowski, Roman"]
[Black "Bankert, Krzysztof"]
[Result "1/2-1/2"]
[WhiteElo "1972"]
[BlackElo "1956"]
[PlyCount "73"]
[EventDate "2006.11.12"]
[EventType "team"]
[EventRounds "11"]
[EventCountry "POL"]
[SourceTitle "EXT 2008"]
[Source "ChessBase"]
[SourceDate "2007.11.25"]
[SourceVersion "1"]
[SourceVersionDate "2007.11.25"]
[SourceQuality "1"]

1. e4 c5 2. Nf3 Nc6 3. d4 cxd4 4. Nxd4 Nf6 5. Nc3 e6 6. a3 Bc5 7. Nxc6 bxc6 8. e5 Nd5 9. Ne4 Be7 10. Qg4 g6 11. c4 f5 12. exf6 Nxf6 13. Nxf6+ Bxf6 14. c5 Qa5+ 15. Qb4 Qxb4+ 16. axb4 0-0 17. Bc4 Be7 18. Bh6 Rf5 19. 0-0 d5 20. Ba6 Rf7 21. Bxc8 Rxc8 22. Rxa7 Bf6 23. Ra2 g5 24. Re1 e5 25. f3 Rb7 26. h4 gxh4 27. Bd2 Rg7 28. Kh2 Re7 29. b3 e4 30. fxe4 dxe4 31. Re2 Rce8 32. Ra6 e3 33. Be1 Re6 34. Kh3 R8e7 35. Ra8+ Kf7 36. Bxh4 Bxh4 37. Kxh4 1/2-1/2

[Event "Chojnice op-B 2nd"]
[Site "Chojnice"]
[Date "2006.??.??"]
[Round "5"]
[White "Wodzynski, Michal"]
[Black "Bankert, Krzysztof"]
[Result "0-1"]
[WhiteElo "1952"]
[BlackElo "1943"]
[PlyCount "42"]
[EventDate "2006.07.??"]
[EventType "swiss"]
[EventRounds "9"]
[EventCountry "POL"]
[SourceTitle "EXT 2007"]
[Source "ChessBase"]
[SourceDate "2006.11.23"]
[SourceVersion "1"]
[SourceVersionDate "2006.11.23"]
[SourceQuality "1"]

1. e4 c5 2. Nf3 Nc6 3. d4 cxd4 4. Nxd4 Nf6 5. Nc3 e5 6. Ndb5 d6 7. Bg5 a6 8. Bxf6 gxf6 9. Na3 b5 10. Nd5 f5 11. Bxb5 axb5 12. Nxb5 Ra4 13. Nbc7+ Kd7 14. Qh5 Rxe4+ 15. Kf1 Ne7 16. Qxf7 Kc6 17. b4 Nxd5 18. b5+ Kb7 19. Qxd5+ Kxc7 20. b6+ Kb8 21. Qa5 Qd7 0-1

[Event "Chojnice op"]
[Site "Chojnice"]
[Date "2005.??.??"]
[Round "4"]
[White "Sciwiarski, Mariusz"]
[Black "Bankert, Krzysztof"]
[Result "1/2-1/2"]
[WhiteElo "1980"]
[BlackElo "1800"]
[PlyCount "104"]
[EventDate "2005.05.27"]
[EventType "swiss"]
[EventRounds "9"]
[EventCountry "POL"]
[SourceTitle "EXT 2007"]
[Source "ChessBase"]
[SourceDate "2006.11.23"]
[SourceVersion "1"]
[SourceVersionDate "2006.11.23"]
[SourceQuality "1"]

1. d4 e6 2. c4 Nf6 3. Nf3 c5 4. d5 exd5 5. cxd5 d6 6. Nc3 Bf5 7. e4 Bg4 8. Be2 Be7 9. 0-0 0-0 10. Nd2 Bxe2 11. Qxe2 a6 12. a4 Re8 13. Re1 Bf8 14. Nc4 Nbd7 15. f4 Nb6 16. a5 Nbxd5 17. Nxd5 Nxd5 18. Rd1 Nb4 19. Nb6 Rb8 20. Bd2 Nc6 21. Bc3 Qe7 22. Re1 Rbd8 23. Qg4 Nd4 24. Rad1 Qe6 25. Qg3 d5 26. Bxd4 cxd4 27. exd5 Qf5 28. Re5 Rxe5 29. fxe5 Qc2 30. Qd3 Qxd3 31. Rxd3 Bc5 32. e6 fxe6 33. dxe6 Bxb6 34. e7 Re8 35. axb6 Rxe7 36. Rxd4 Kf7 37. Kf2 Ke8 38. Kf3 Re6 39. Rh4 h6 40. Rb4 Kd7 41. Rg4 g6 42. Rh4 h5 43. g4 hxg4+ 44. Rxg4 Rxb6 45. b4 Ke7 46. Ke3 Kf6 47. Kf3 Rb5 48. h4 g5 49. hxg5+ Rxg5 50. Rc4 Ke6 51. Rc7 Rb5 52. Rc4 Kd5 1/2-1/2